000 00552cam a2200193 a 4500
001 000018841
005 20200929165850.0
008 741017s1964 nyu 000 1 eng d
040 _aDO-SdBNP
_beng
_cLC
_dBNPHU
042 _apremarc
050 0 0 _aPZ4.H6866
_bMau
_aPS3558.O342
082 _ann*
_bH688m
100 1 _aHodge, Jane Aiken.
_940599
245 1 0 _aMaulever Hall /
_cJane Aiken Hodge.
260 _aGarden City, New York :
_bNelson Doubleday,
_c1964.
300 _a441 p. ;
_c22 cm.
910 _aCatalogación derivada / LC
049 _aBNGR
999 _c18361
_d18361